[Event "DEM U12 2023"]
[Site "Willingen GER"]
[Date "2023.05.29"]
[Round "3"]
[White "Mukazhanov, Mansur"]
[Black "Müller, Anker"]
[Result "1-0"]
[Termination "normal"]
[Board "13"]
[WhiteElo "1563"]
[BlackElo "1600"]
[WhiteClock "01:12:24"]
[BlackClock "00:11:27"]
[PlyCount "111"]
[WhiteFideId "13752324"]
[BlackFideId "1472070"]
[EventCountry "GER"]
[EventRounds "9"]
[EventType "swiss"]
[EventDate "2023.05.27"]

1. e4 {[%clk 01:30:51]} {[%emt 00:00:08]} c6 {[%clk 01:30:51]} {[%emt
00:00:09]} 2. d4 {[%clk 01:29:55]} {[%emt 00:01:27]} d5 {[%clk 01:31:15]}
{[%emt 00:00:05]} 3. f3 {[%clk 01:29:57]} {[%emt 00:00:28]} dxe4 {[%clk
01:29:38]} {[%emt 00:02:07]} 4. fxe4 {[%clk 01:29:35]} {[%emt 00:00:53]} e5
{[%clk 01:29:32]} {[%emt 00:00:34]} 5. Nf3 {[%clk 01:30:02]} {[%emt 00:00:04]}
exd4 {[%clk 01:28:47]} {[%emt 00:01:15]} 6. Bc4 {[%clk 01:23:11]} {[%emt
00:07:22]} Bb4+ {[%clk 01:25:54]} {[%emt 00:03:23]} 7. Bd2 {[%clk 01:17:56]}
{[%emt 00:05:45]} Bxd2+ {[%clk 01:25:30]} {[%emt 00:00:54]} 8. Qxd2 {[%clk
01:18:13]} {[%emt 00:00:12]} Nh6 {[%clk 01:18:26]} {[%emt 00:07:33]} 9. Qxd4
{[%clk 01:15:44]} {[%emt 00:03:01]} Qxd4 {[%clk 01:17:43]} {[%emt 00:01:13]}
10. Nxd4 {[%clk 01:14:26]} {[%emt 00:01:46]} O-O {[%clk 01:16:53]} {[%emt
00:01:21]} 11. Nc3 {[%clk 01:14:40]} {[%emt 00:00:17]} a6 {[%clk 01:15:55]}
{[%emt 00:01:27]} 12. O-O {[%clk 01:14:14]} {[%emt 00:00:49]} b5 {[%clk
01:16:06]} {[%emt 00:00:26]} 13. Be2 {[%clk 01:13:35]} {[%emt 00:01:09]} c5
{[%clk 01:15:51]} {[%emt 00:00:46]} 14. Nf5 {[%clk 01:12:33]} {[%emt 00:01:31]}
Nxf5 {[%clk 01:15:42]} {[%emt 00:00:39]} 15. exf5 {[%clk 01:12:42]} {[%emt
00:00:21]} Bb7 {[%clk 01:13:13]} {[%emt 00:02:58]} 16. Rad1 {[%clk 01:12:52]}
{[%emt 00:00:20]} Nc6 {[%clk 01:03:38]} {[%emt 00:10:05]} 17. Bf3 {[%clk
01:12:03]} {[%emt 00:01:19]} Rad8 {[%clk 01:01:31]} {[%emt 00:02:38]} 18. Nd5
{[%clk 01:09:42]} {[%emt 00:02:51]} Rfe8 {[%clk 00:58:28]} {[%emt 00:03:33]}
19. Rfe1 {[%clk 01:08:57]} {[%emt 00:01:15]} h6 {[%clk 00:48:15]} {[%emt
00:10:42]} 20. f6 {[%clk 01:08:03]} {[%emt 00:01:25]} Rxe1+ {[%clk 00:47:31]}
{[%emt 00:01:14]} 21. Rxe1 {[%clk 01:08:19]} {[%emt 00:00:13]} gxf6 {[%clk
00:45:52]} {[%emt 00:02:06]} 22. Nxf6+ {[%clk 01:08:41]} {[%emt 00:00:11]} Kg7
{[%clk 00:45:24]} {[%emt 00:00:57]} 23. Nh5+ {[%clk 01:04:47]} {[%emt
00:04:25]} Kf8 {[%clk 00:44:00]} {[%emt 00:01:53]} 24. c3 {[%clk 01:04:56]}
{[%emt 00:00:23]} Na5 {[%clk 00:39:15]} {[%emt 00:05:13]} 25. Kf2 {[%clk
01:03:27]} {[%emt 00:01:59]} Rd2+ {[%clk 00:39:01]} {[%emt 00:00:44]} 26. Re2
{[%clk 01:03:44]} {[%emt 00:00:14]} Rxe2+ {[%clk 00:39:05]} {[%emt 00:00:25]}
27. Kxe2 {[%clk 01:03:32]} {[%emt 00:00:42]} Bxf3+ {[%clk 00:39:14]} {[%emt
00:00:21]} 28. Kxf3 {[%clk 01:03:55]} {[%emt 00:00:07]} Ke7 {[%clk 00:39:05]}
{[%emt 00:00:39]} 29. Ke4 {[%clk 01:03:39]} {[%emt 00:00:47]} Ke6 {[%clk
00:36:54]} {[%emt 00:02:40]} 30. Ng7+ {[%clk 01:03:46]} {[%emt 00:00:23]} Kf6
{[%clk 00:26:45]} {[%emt 00:10:40]} 31. Ne8+ {[%clk 01:04:07]} {[%emt
00:00:09]} Ke7 {[%clk 00:25:04]} {[%emt 00:02:11]} 32. Nc7 {[%clk 01:04:19]}
{[%emt 00:00:18]} Kd7 {[%clk 00:25:16]} {[%emt 00:00:17]} 33. Nxa6 {[%clk
01:04:37]} {[%emt 00:00:12]} Kc6 {[%clk 00:23:49]} {[%emt 00:01:58]} 34. b4
{[%clk 01:04:57]} {[%emt 00:00:09]} cxb4 {[%clk 00:19:37]} {[%emt 00:04:42]}
35. cxb4 {[%clk 01:05:19]} {[%emt 00:00:08]} Nc4 {[%clk 00:15:24]} {[%emt
00:04:44]} 36. Nc5 {[%clk 01:05:34]} {[%emt 00:00:15]} Na3 {[%clk 00:10:26]}
{[%emt 00:05:27]} 37. Nb3 {[%clk 01:05:33]} {[%emt 00:00:32]} Nc2 {[%clk
00:10:36]} {[%emt 00:00:20]} 38. Nd4+ {[%clk 01:05:57]} {[%emt 00:00:06]} Nxd4
{[%clk 00:10:24]} {[%emt 00:00:42]} 39. Kxd4 {[%clk 01:06:22]} {[%emt
00:00:04]} h5 {[%clk 00:10:27]} {[%emt 00:00:27]} 40. g3 {[%clk 01:06:37]}
{[%emt 00:00:15]} f6 {[%clk 00:10:34]} {[%emt 00:00:23]} 41. h3 {[%clk
01:06:57]} {[%emt 00:00:10]} Kd6 {[%clk 00:10:48]} {[%emt 00:00:16]} 42. g4
{[%clk 01:07:14]} {[%emt 00:00:13]} h4 {[%clk 00:09:49]} {[%emt 00:01:29]} 43.
Ke4 {[%clk 01:07:33]} {[%emt 00:00:12]} Ke6 {[%clk 00:10:03]} {[%emt 00:00:16]}
44. a3 {[%clk 01:07:57]} {[%emt 00:00:06]} Kd6 {[%clk 00:08:01]} {[%emt
00:02:32]} 45. Kf5 {[%clk 01:08:16]} {[%emt 00:00:11]} Ke7 {[%clk 00:08:18]}
{[%emt 00:00:14]} 46. g5 {[%clk 01:08:40]} {[%emt 00:00:06]} fxg5 {[%clk
00:08:34]} {[%emt 00:00:13]} 47. Kxg5 {[%clk 01:09:00]} {[%emt 00:00:09]} Kd6
{[%clk 00:08:13]} {[%emt 00:00:52]} 48. Kxh4 {[%clk 01:09:20]} {[%emt
00:00:10]} Kd5 {[%emt 00:00:08]} 49. Kg5 {[%clk 01:09:43]} {[%emt 00:00:03]}
Kc4 {[%clk 00:09:03]} {[%emt 00:00:07]} 50. h4 {[%clk 01:10:04]} {[%emt
00:00:08]} Kb3 {[%clk 00:09:27]} {[%emt 00:00:06]} 51. h5 {[%clk 01:10:25]}
{[%emt 00:00:09]} Kxa3 {[%clk 00:09:53]} {[%emt 00:00:04]} 52. h6 {[%clk
01:10:53]} {[%emt 00:00:02]} Kxb4 {[%clk 00:10:23]} 53. h7 {[%clk 01:11:17]}
{[%emt 00:00:05]} Ka3 {[%clk 00:10:38]} {[%emt 00:00:15]} 54. h8=Q {[%clk
01:11:36]} {[%emt 00:00:10]} b4 {[%clk 00:11:07]} {[%emt 00:00:02]} 55. Qa1+
{[%clk 01:11:57]} {[%emt 00:00:09]} Kb3 {[%clk 00:11:27]} {[%emt 00:00:10]} 56.
Qb1+ {[%clk 01:12:24]} {[%emt 00:00:03]} 1-0

[Event "DEM U12 2023"]
[Site "Willingen GER"]
[Date "2023.05.29"]
[Round "3"]
[White "Aweh, Mads"]
[Black "Lee, Ho In"]
[Result "0-1"]
[Termination "normal"]
[Board "14"]
[WhiteElo "1429"]
[BlackElo "1492"]
[WhiteClock "00:06:45"]
[BlackClock "00:18:16"]
[PlyCount "126"]
[WhiteFideId "34604278"]
[BlackFideId "34623655"]
[EventCountry "GER"]
[EventRounds "9"]
[EventType "swiss"]
[EventDate "2023.05.27"]

1. e4 {[%clk 01:30:58]} {[%emt 00:00:02]} c5 {[%clk 01:30:57]} {[%emt
00:00:03]} 2. Nf3 {[%clk 01:31:16]} {[%emt 00:00:12]} d6 {[%clk 01:31:22]}
{[%emt 00:00:05]} 3. c3 {[%clk 01:31:26]} {[%emt 00:00:19]} Nf6 {[%clk
01:31:45]} {[%emt 00:00:07]} 4. Be2 {[%clk 01:31:38]} {[%emt 00:00:18]} g6
{[%clk 01:32:09]} {[%emt 00:00:06]} 5. O-O {[%clk 01:31:11]} {[%emt 00:00:57]}
Bg7 {[%clk 01:31:59]} {[%emt 00:00:40]} 6. Bb5+ {[%clk 01:31:04]} {[%emt
00:00:37]} Bd7 {[%clk 01:32:02]} {[%emt 00:00:27]} 7. Bxd7+ {[%clk 01:31:25]}
{[%emt 00:00:09]} Qxd7 {[%clk 01:32:27]} {[%emt 00:00:05]} 8. Re1 {[%clk
01:31:05]} {[%emt 00:00:50]} O-O {[%clk 01:32:47]} {[%emt 00:00:10]} 9. d4
{[%clk 01:31:00]} {[%emt 00:00:35]} cxd4 {[%clk 01:32:04]} {[%emt 00:01:14]}
10. cxd4 {[%clk 01:31:15]} {[%emt 00:00:14]} Nc6 {[%clk 01:31:34]} {[%emt
00:01:00]} 11. Nc3 {[%clk 01:31:05]} {[%emt 00:00:41]} Rac8 {[%clk 01:31:26]}
{[%emt 00:00:37]} 12. Bf4 {[%clk 01:29:45]} {[%emt 00:01:49]} Rfd8 {[%clk
01:26:44]} {[%emt 00:05:12]} 13. Bg3 {[%clk 01:26:19]} {[%emt 00:03:57]} a6
{[%clk 01:14:43]} {[%emt 00:12:32]} 14. Rc1 {[%clk 01:08:06]} {[%emt 00:18:42]}
b5 {[%clk 01:02:01]} {[%emt 00:13:12]} 15. b3 {[%clk 01:02:56]} {[%emt
00:05:40]} Bh6 {[%clk 00:53:12]} {[%emt 00:09:19]} 16. Ra1 {[%clk 00:56:34]}
{[%emt 00:06:53]} Nb4 {[%clk 00:43:53]} {[%emt 00:09:49]} 17. a3 {[%clk
00:56:50]} {[%emt 00:00:14]} Rxc3 {[%clk 00:44:01]} {[%emt 00:00:21]} 18. axb4
{[%clk 00:57:12]} {[%emt 00:00:08]} Qa7 {[%clk 00:43:44]} {[%emt 00:00:47]} 19.
Qe2 {[%clk 00:52:14]} {[%emt 00:05:29]} Qb7 {[%clk 00:36:45]} {[%emt 00:07:29]}
20. Qa2 {[%clk 00:50:28]} {[%emt 00:02:16]} Nxe4 {[%clk 00:31:50]} {[%emt
00:05:25]} 21. Qxa6 {[%clk 00:50:31]} {[%emt 00:00:27]} Qxa6 {[%clk 00:32:16]}
{[%emt 00:00:04]} 22. Rxa6 {[%clk 00:50:51]} {[%emt 00:00:10]} Nxg3 {[%clk
00:32:36]} {[%emt 00:00:09]} 23. hxg3 {[%clk 00:51:09]} {[%emt 00:00:12]} Rxb3
{[%clk 00:32:59]} {[%emt 00:00:07]} 24. Rxe7 {[%clk 00:50:02]} {[%emt
00:01:37]} Rxb4 {[%clk 00:33:06]} {[%emt 00:00:23]} 25. Raa7 {[%clk 00:49:58]}
{[%emt 00:00:34]} Rf8 {[%clk 00:33:25]} {[%emt 00:00:11]} 26. Red7 {[%clk
00:49:45]} {[%emt 00:00:44]} Rb1+ {[%clk 00:33:45]} {[%emt 00:00:09]} 27. Kh2
{[%clk 00:49:55]} {[%emt 00:00:19]} b4 {[%clk 00:31:11]} {[%emt 00:03:05]} 28.
Rab7 {[%clk 00:49:51]} {[%emt 00:00:34]} b3 {[%clk 00:29:30]} {[%emt 00:02:12]}
29. Rxd6 {[%clk 00:48:04]} {[%emt 00:02:16]} Rb2 {[%clk 00:29:42]} {[%emt
00:00:18]} 30. Rdb6 {[%clk 00:47:42]} {[%emt 00:00:53]} Rxf2 {[%clk 00:29:49]}
{[%emt 00:00:23]} 31. Rxb3 {[%clk 00:48:06]} {[%emt 00:00:07]} Rd8 {[%clk
00:29:40]} {[%emt 00:00:39]} 32. Rd3 {[%clk 00:47:04]} {[%emt 00:01:31]} Bg7
{[%clk 00:28:17]} {[%emt 00:01:53]} 33. d5 {[%clk 00:44:37]} {[%emt 00:02:58]}
Bf8 {[%clk 00:28:12]} {[%emt 00:00:34]} 34. Rb6 {[%clk 00:41:10]} {[%emt
00:03:57]} Bd6 {[%clk 00:25:40]} {[%emt 00:03:01]} 35. Nd2 {[%clk 00:35:30]}
{[%emt 00:06:11]} Rf5 {[%clk 00:23:42]} {[%emt 00:02:27]} 36. Ne4 {[%clk
00:33:03]} {[%emt 00:02:58]} Bb8 {[%clk 00:21:20]} {[%emt 00:02:52]} 37. d6
{[%clk 00:25:37]} {[%emt 00:07:56]} Rh5+ {[%clk 00:19:53]} {[%emt 00:01:57]}
38. Kg1 {[%clk 00:25:40]} {[%emt 00:00:27]} Ba7 {[%clk 00:20:17]} {[%emt
00:00:06]} 39. Nf6+ {[%clk 00:25:34]} {[%emt 00:00:36]} Kg7 {[%clk 00:20:43]}
{[%emt 00:00:04]} 40. Nxh5+ {[%clk 00:25:58]} {[%emt 00:00:06]} gxh5 {[%clk
00:21:09]} {[%emt 00:00:04]} 41. d7 {[%clk 00:23:43]} {[%emt 00:02:45]} Bxb6+
{[%clk 00:21:29]} {[%emt 00:00:10]} 42. Kh2 {[%clk 00:23:56]} {[%emt 00:00:17]}
Bc7 {[%clk 00:21:43]} {[%emt 00:00:16]} 43. Kh3 {[%clk 00:24:19]} {[%emt
00:00:07]} Kg6 {[%clk 00:22:01]} {[%emt 00:00:12]} 44. Kh4 {[%clk 00:23:35]}
{[%emt 00:01:14]} Ra8 {[%clk 00:22:07]} {[%emt 00:00:24]} 45. Kh3 {[%clk
00:22:22]} {[%emt 00:01:43]} Bd8 {[%emt 00:01:04]} 46. Rd6+ {[%clk 00:21:56]}
{[%emt 00:00:07]} f6 {[%clk 00:22:40]} {[%emt 00:00:12]} 47. Rd5 {[%clk
00:21:43]} {[%emt 00:00:43]} Ra1 {[%clk 00:22:37]} {[%emt 00:00:33]} 48. Kh2
{[%clk 00:22:04]} {[%emt 00:00:09]} Re1 {[%clk 00:22:23]} {[%emt 00:00:43]} 49.
Rd4 {[%clk 00:20:46]} {[%emt 00:01:49]} Re5 {[%clk 00:19:02]} {[%emt 00:03:50]}
50. Kh3 {[%clk 00:20:01]} {[%emt 00:01:15]} Kf7 {[%clk 00:18:56]} {[%emt
00:00:36]} 51. Rd1 {[%clk 00:18:59]} {[%emt 00:01:32]} Ke7 {[%clk 00:19:09]}
{[%emt 00:00:17]} 52. Kh4 {[%clk 00:19:11]} {[%emt 00:00:18]} Ke6 {[%clk
00:19:02]} {[%emt 00:00:38]} 53. Rd4 {[%clk 00:12:03]} {[%emt 00:07:39]} Re2
{[%clk 00:18:08]} {[%emt 00:01:24]} 54. Kxh5 {[%clk 00:10:33]} {[%emt
00:02:00]} Rxg2 {[%clk 00:18:31]} {[%emt 00:00:07]} 55. Kg4 {[%clk 00:10:53]}
{[%emt 00:00:10]} Re2 {[%clk 00:18:21]} {[%emt 00:00:40]} 56. Kf4 {[%clk
00:08:25]} {[%emt 00:02:58]} Re5 {[%clk 00:18:11]} {[%emt 00:00:39]} 57. Ra4
{[%clk 00:07:11]} {[%emt 00:01:45]} Kxd7 {[%clk 00:18:01]} {[%emt 00:00:39]}
58. Ra7+ {[%clk 00:07:24]} {[%emt 00:00:16]} Bc7 {[%clk 00:18:21]} {[%emt
00:00:11]} 59. Kf3 {[%clk 00:07:34]} {[%emt 00:00:20]} h5 {[%clk 00:18:29]}
{[%emt 00:00:21]} 60. Kf2 {[%clk 00:05:59]} {[%emt 00:02:05]} Rg5 {[%clk
00:18:08]} {[%emt 00:00:51]} 61. Rb7 {[%clk 00:06:22]} {[%emt 00:00:08]} Kc6
{[%clk 00:17:58]} {[%emt 00:00:40]} 62. Rb3 {[%clk 00:06:45]} {[%emt 00:00:07]}
Be5 {[%clk 00:18:16]} {[%emt 00:00:10]} 63. Kg2 {[%emt 00:02:12]} h4 {[%emt
00:00:04]} 0-1

[Event "DEM U12 2023"]
[Site "Willingen GER"]
[Date "2023.05.29"]
[Round "3"]
[White "Derr, Oleg"]
[Black "Berndt, Ronson"]
[Result "1-0"]
[Termination "normal"]
[Board "15"]
[WhiteElo "1579"]
[BlackElo "1475"]
[WhiteClock "00:20:47"]
[BlackClock "00:48:08"]
[PlyCount "49"]
[WhiteFideId "34611517"]
[BlackFideId "34618694"]
[EventCountry "GER"]
[EventRounds "9"]
[EventType "swiss"]
[EventDate "2023.05.27"]

1. e4 {[%clk 01:30:56]} {[%emt 00:00:04]} c5 {[%clk 01:30:52]} {[%emt
00:00:09]} 2. Nf3 {[%clk 01:31:16]} {[%emt 00:00:10]} e6 {[%clk 01:31:12]}
{[%emt 00:00:11]} 3. d4 {[%clk 01:31:21]} {[%emt 00:00:24]} cxd4 {[%clk
01:31:37]} {[%emt 00:00:05]} 4. Nxd4 {[%clk 01:31:43]} {[%emt 00:00:07]} a6
{[%clk 01:32:03]} {[%emt 00:00:04]} 5. c4 {[%clk 01:31:30]} {[%emt 00:00:43]}
Nf6 {[%clk 01:32:05]} {[%emt 00:00:29]} 6. Nc3 {[%clk 01:28:38]} {[%emt
00:03:21]} d6 {[%clk 01:32:15]} {[%emt 00:00:21]} 7. Be2 {[%clk 01:26:46]}
{[%emt 00:02:21]} Be7 {[%clk 01:32:02]} {[%emt 00:00:44]} 8. Be3 {[%clk
01:25:27]} {[%emt 00:01:48]} Nbd7 {[%clk 01:31:40]} {[%emt 00:00:52]} 9. O-O
{[%clk 01:20:35]} {[%emt 00:05:22]} O-O {[%clk 01:30:01]} {[%emt 00:02:10]} 10.
Rc1 {[%clk 01:07:51]} {[%emt 00:13:13]} b6 {[%clk 01:28:13]} {[%emt 00:02:19]}
11. Nc6 {[%clk 01:00:17]} {[%emt 00:08:03]} Qe8 {[%clk 01:28:03]} {[%emt
00:00:41]} 12. Bf4 {[%clk 00:54:02]} {[%emt 00:06:45]} e5 {[%clk 01:23:58]}
{[%emt 00:04:34]} 13. Be3 {[%clk 00:48:17]} {[%emt 00:06:15]} Bb7 {[%clk
01:19:25]} {[%emt 00:05:02]} 14. Nxe7+ {[%clk 00:47:37]} {[%emt 00:01:10]} Qxe7
{[%clk 01:19:08]} {[%emt 00:00:48]} 15. f3 {[%clk 00:47:25]} {[%emt 00:00:42]}
Bc6 {[%clk 01:14:13]} {[%emt 00:05:24]} 16. Nd5 {[%clk 00:45:32]} {[%emt
00:02:23]} Bxd5 {[%clk 01:13:13]} {[%emt 00:01:30]} 17. cxd5 {[%clk 00:45:50]}
{[%emt 00:00:13]} b5 {[%clk 01:04:25]} {[%emt 00:09:19]} 18. Qd2 {[%clk
00:26:32]} {[%emt 00:19:46]} Rfc8 {[%clk 01:00:01]} {[%emt 00:04:54]} 19. Qa5
{[%clk 00:22:27]} {[%emt 00:04:35]} Nc5 {[%clk 00:57:39]} {[%emt 00:02:52]} 20.
b4 {[%clk 00:22:21]} {[%emt 00:00:36]} Nb7 {[%clk 00:51:48]} {[%emt 00:06:21]}
21. Rxc8+ {[%clk 00:22:17]} {[%emt 00:00:35]} Rxc8 {[%clk 00:52:02]} {[%emt
00:00:16]} 22. Qxa6 {[%clk 00:22:33]} {[%emt 00:00:13]} Rc3 {[%clk 00:50:46]}
{[%emt 00:01:46]} 23. Bb6 {[%clk 00:21:41]} {[%emt 00:01:23]} Ne8 {[%clk
00:50:24]} {[%emt 00:00:52]} 24. Bxb5 {[%clk 00:21:07]} {[%emt 00:01:04]} g6
{[%clk 00:48:08]} {[%emt 00:02:47]} 25. Bxe8 {[%clk 00:20:47]} {[%emt
00:00:49]} 1-0

[Event "DEM U12 2023"]
[Site "Willingen GER"]
[Date "2023.05.29"]
[Round "3"]
[White "Lanert, Theodor"]
[Black "Deiringer, Julius"]
[Result "1/2-1/2"]
[Termination "normal"]
[Board "16"]
[WhiteElo "1398"]
[BlackElo "1742"]
[WhiteClock "00:02:18"]
[BlackClock "00:06:05"]
[PlyCount "77"]
[WhiteFideId "34605576"]
[BlackFideId "16267010"]
[EventCountry "GER"]
[EventRounds "9"]
[EventType "swiss"]
[EventDate "2023.05.27"]

1. e4 {[%clk 01:30:37]} {[%emt 00:00:22]} e5 {[%clk 01:30:57]} {[%emt
00:00:03]} 2. Nf3 {[%clk 01:30:59]} {[%emt 00:00:08]} Nc6 {[%clk 01:31:22]}
{[%emt 00:00:04]} 3. Bc4 {[%clk 01:31:23]} {[%emt 00:00:06]} Bc5 {[%clk
01:31:48]} {[%emt 00:00:05]} 4. O-O {[%clk 01:31:47]} {[%emt 00:00:06]} Nf6
{[%clk 01:32:10]} {[%emt 00:00:08]} 5. d4 {[%clk 01:32:10]} {[%emt 00:00:07]}
Bxd4 {[%clk 01:32:20]} {[%emt 00:00:20]} 6. Nxd4 {[%emt 00:00:13]} Nxd4 {[%clk
01:32:45]} {[%emt 00:00:03]} 7. Bg5 {[%clk 01:32:53]} {[%emt 00:00:06]} Qe7
{[%clk 01:29:53]} {[%emt 00:03:22]} 8. Nc3 {[%clk 01:31:25]} {[%emt 00:01:59]}
c6 {[%clk 01:28:52]} {[%emt 00:01:31]} 9. Kh1 {[%clk 01:29:07]} {[%emt
00:02:48]} Ne6 {[%clk 01:25:48]} {[%emt 00:03:34]} 10. Bxe6 {[%clk 01:27:06]}
{[%emt 00:02:30]} Qxe6 {[%emt 00:04:26]} 11. f4 {[%clk 01:26:23]} h6 {[%clk
01:18:19]} {[%emt 00:05:17]} 12. fxe5 {[%clk 01:18:19]} {[%emt 00:08:34]} Ng4
{[%clk 01:15:08]} {[%emt 00:03:39]} 13. Bc1 {[%clk 01:11:11]} {[%emt 00:07:39]}
Nxe5 {[%clk 01:10:09]} {[%emt 00:05:29]} 14. Ne2 {[%clk 01:08:59]} {[%emt
00:02:43]} d6 {[%clk 01:06:13]} {[%emt 00:04:27]} 15. Nd4 {[%clk 01:06:29]}
{[%emt 00:02:59]} Qe7 {[%clk 01:06:15]} {[%emt 00:00:27]} 16. Nf5 {[%clk
01:06:38]} {[%emt 00:00:22]} Bxf5 {[%clk 01:06:39]} {[%emt 00:00:06]} 17. exf5
{[%clk 01:07:07]} {[%emt 00:00:01]} O-O-O {[%clk 01:04:29]} {[%emt 00:02:40]}
18. b3 {[%clk 01:04:03]} {[%emt 00:03:34]} d5 {[%clk 01:02:21]} {[%emt
00:02:38]} 19. Bb2 {[%clk 01:04:07]} {[%emt 00:00:26]} f6 {[%clk 01:01:47]}
{[%emt 00:01:03]} 20. Qe2 {[%clk 01:02:53]} {[%emt 00:01:45]} Rhe8 {[%clk
01:00:43]} {[%emt 00:01:33]} 21. Rae1 {[%clk 01:02:35]} {[%emt 00:00:48]} Qd7
{[%clk 00:58:25]} {[%emt 00:02:48]} 22. Qf2 {[%clk 00:55:56]} {[%emt 00:07:09]}
d4 {[%clk 00:54:48]} {[%emt 00:04:07]} 23. Re4 {[%clk 00:27:20]} {[%emt
00:29:06]} c5 {[%clk 00:46:18]} {[%emt 00:08:59]} 24. Rd1 {[%clk 00:22:07]}
{[%emt 00:05:44]} Nc6 {[%clk 00:43:15]} {[%emt 00:03:32]} 25. Rxe8 {[%clk
00:18:04]} {[%emt 00:04:34]} Rxe8 {[%clk 00:40:52]} {[%emt 00:02:52]} 26. h3
{[%clk 00:16:59]} {[%emt 00:01:36]} Qd5 {[%clk 00:37:38]} {[%emt 00:03:43]} 27.
c3 {[%clk 00:12:52]} {[%emt 00:04:37]} d3 {[%clk 00:27:39]} {[%emt 00:10:29]}
28. c4 {[%clk 00:13:17]} {[%emt 00:00:06]} Qd6 {[%clk 00:23:44]} {[%emt
00:04:25]} 29. Qf3 {[%clk 00:11:35]} {[%emt 00:02:12]} Nb4 {[%clk 00:19:34]}
{[%emt 00:04:40]} 30. a3 {[%clk 00:10:26]} {[%emt 00:01:39]} Nc2 {[%clk
00:16:41]} {[%emt 00:03:22]} 31. Bc3 {[%clk 00:07:59]} {[%emt 00:02:58]} Re3
{[%clk 00:14:16]} {[%emt 00:02:55]} 32. Qf2 {[%clk 00:07:15]} {[%emt 00:01:14]}
Qe7 {[%clk 00:12:58]} {[%emt 00:01:47]} 33. a4 {[%clk 00:04:22]} {[%emt
00:03:23]} Re2 {[%clk 00:11:53]} {[%emt 00:01:35]} 34. Qg3 {[%emt 00:01:10]}
Re3 {[%clk 00:09:59]} {[%emt 00:02:22]} 35. Qf2 {[%clk 00:04:06]} {[%emt
00:00:09]} Re2 {[%clk 00:10:20]} {[%emt 00:00:09]} 36. Qg3 {[%clk 00:04:30]}
{[%emt 00:00:06]} Ne3 {[%clk 00:08:19]} {[%emt 00:02:31]} 37. Rxd3 {[%clk
00:02:43]} {[%emt 00:02:18]} Nxf5 {[%clk 00:06:41]} {[%emt 00:02:07]} 38. Qg4
{[%clk 00:02:18]} {[%emt 00:00:55]} Qe6 {[%clk 00:06:05]} {[%emt 00:01:06]} 39.
Rd5 {[%emt 00:02:44]} 1/2-1/2